| 000 | 00414nam a2200145Ia 4500 | ||
|---|---|---|---|
| 003 | GCL | ||
| 008 | 140319s9999 xx 000 0 eng d | ||
| 040 |
_aGCL / _cGCL |
||
| 082 | 0 | 4 |
_a940.53092 _bB L |
| 100 | 1 | _aBROWNE, ANTHONG MONTAGUE | |
| 245 | 1 | 0 |
_aLONG SUNSET: MEMOIRS OF WISTON CHURCHILLS LAST PRIVATE SECRETARY / _cBROWNE, ANTHONG MONTAGUE |
| 300 | _a376 P | ||
| 650 | 0 | 4 | _aWISTON, CHURCHILL |
| 942 |
_2ddc _cBK |
||
| 999 |
_c24030 _d24030 |
||